Задачи и задания по физике для диагностики и формирования экспериментальных информационных и логических умений. Ч. 1 : Механика, молекулярная физика и термодинамика
| Egile nagusia: | |
|---|---|
| Erakunde egilea: | |
| Beste egile batzuk: | |
| Gaia: | Заглавие с титульного экрана Электронная версия печатной публикации Режим доступа: из сети НТБ ТПУ |
| Hizkuntza: | errusiera |
| Argitaratua: |
Томск, Изд-во ТПУ, 2007
|
| Gaiak: | |
| Sarrera elektronikoa: | http://www.lib.tpu.ru/fulltext3/m/2008/m92.pdf |
| Formatua: | Baliabide elektronikoa Liburua |
| KOHA link: | https://koha.lib.tpu.ru/cgi-bin/koha/opac-detail.pl?biblionumber=150389 |
MARC
| LEADER | 00000nam0a2200000 4500 | ||
|---|---|---|---|
| 001 | 150389 | ||
| 005 | 20250604135546.0 | ||
| 035 | |a (RuTPU)RU\TPU\book\163029 | ||
| 090 | |a 150389 | ||
| 100 | |a 20090111d2007 m y0rusy50 ca | ||
| 101 | 0 | |a rus | |
| 102 | |a RU | ||
| 105 | |a a j 001zy | ||
| 135 | |a vrcn ---uucaa | ||
| 181 | 0 | |a i | |
| 182 | 0 | |a b | |
| 200 | 1 | |a Задачи и задания по физике для диагностики и формирования экспериментальных информационных и логических умений. Ч. 1 : Механика, молекулярная физика и термодинамика |f Е. В. Полицинский, Е. П. Теслева |g Томский политехнический университет (ТПУ) ; Томский политехнический университет, Юргинский технологический институт | |
| 203 | |a Текст |c электронный |b визуальный | ||
| 210 | |a Томск |c Изд-во ТПУ |d 2007 | ||
| 283 | |a online_resource |2 RDAcarrier | ||
| 300 | |a Заглавие с титульного экрана | ||
| 300 | |a Электронная версия печатной публикации | ||
| 333 | |a Режим доступа: из сети НТБ ТПУ | ||
| 337 | |a Adobe Reader | ||
| 452 | 1 | |0 (RuTPU)RU\TPU\book\93765 |t Ч. 1: Механика, молекулярная физика и термодинамика |d 2007 |p 180 с. | |
| 606 | 1 | |a Физика |2 stltpush |3 (RuTPU)RU\TPU\subj\63709 |9 80688 | |
| 610 | 1 | |a задачи | |
| 610 | 1 | |a задания | |
| 610 | 1 | |a погрешности | |
| 610 | 1 | |a измерения | |
| 610 | 1 | |a графики | |
| 610 | 1 | |a измерительные приборы | |
| 610 | 1 | |a лабораторные работы | |
| 610 | 1 | |a оформление | |
| 610 | 1 | |a физические величины | |
| 610 | 1 | |a механика | |
| 610 | 1 | |a молекулярная физика | |
| 610 | 1 | |a термодинамика | |
| 610 | 1 | |a учебные пособия | |
| 610 | 1 | |a электронный ресурс | |
| 675 | |a 53(076) |v 3 | ||
| 700 | 1 | |a Полицинский |b Е. В. |c физик |c доцент Юргинского технологического университета (филиала) Томского политехнического университета, кандидат педагогических наук |f 1974- |g Евгений Валерьевич |9 10834 | |
| 701 | 1 | |a Теслева |b Е. П. |c физик |c доцент Юргинского технологического института (филиала) Томского политехнического университета, кандидат физико-математических наук |f 1976- |g Елена Павловна |9 11214 | |
| 712 | 0 | 2 | |a Томский политехнический университет |c (1991-2009) |4 570 |9 23382 |
| 801 | 1 | |a RU |b 63413507 |c 20090111 |g PSBO | |
| 801 | 2 | |a RU |b 63413507 |c 20160808 |g RCR | |
| 850 | |a 63413507 | ||
| 856 | 4 | |u http://www.lib.tpu.ru/fulltext3/m/2008/m92.pdf | |
| 942 | |c CF | ||